[Event "Rodovremesterskabet Gruppe C 2009"]
[Site "Rodovre"]
[Date "2009.09.01"]
[Round "1"]
[White "Balken, Peer"]
[Black "Wadtland, Flemming"]
[Result "1-0"]
[WhiteElo "1194"]
[BlackElo "1145"]
[PlyCount "95"]
[EventDate "2009.??.??"]

1. d4 Nf6 2. c4 Nc6 3. Nc3 d5 4. c5 Bf5 5. a3 e5 6. e3 h6 7. f3 exd4 8. exd4
Be7 9. Bb5 O-O 10. Bxc6 bxc6 11. Nge2 Rb8 12. b4 Nh7 13. O-O Re8 14. Bf4 g5 15.
Be5 f6 16. Bg3 Qd7 17. Bf2 Kh8 18. g4 Bg6 19. h4 f5 20. h5 Bf7 21. Ng3 fxg4 22.
fxg4 Be6 23. Nf5 Bxf5 24. gxf5 Qxf5 25. Bg3 Qh3 26. Qd3 Qg4 27. Kh2 Qxh5+ 28.
Kg2 Nf6 29. Rh1 Qf7 30. Rxh6+ Kg7 31. Rah1 Rh8 32. Bxc7 Rbc8 33. Rxh8 Rxh8 34.
Rxh8 Kxh8 35. Be5 Qh5 36. Qh3 Qxh3+ 37. Kxh3 Kh7 38. a4 Kg6 39. b5 g4+ 40. Kg2
Ne4 41. bxc6 Bd8 42. Nxe4 dxe4 43. c7 Bxc7 44. Bxc7 e3 45. Bg3 Kf7 46. c6 Ke8
47. d5 Kd8 48. Bf4 1-0

[Event "Rodovremesterskabet Gruppe C 2009"]
[Site "Rodovre"]
[Date "2009.09.01"]
[Round "1"]
[White "Hviid, Jens Carl"]
[Black "Gemzoe, Bjorn"]
[Result "0-1"]
[WhiteElo "1227"]
[BlackElo "1197"]
[PlyCount "70"]
[EventDate "2009.??.??"]

1. c4 g6 2. g3 Bg7 3. Bg2 Nf6 4. Nc3 c6 5. e3 d5 6. cxd5 cxd5 7. Nge2 e5 8. Qb3
e4 9. Nf4 Be6 10. Nxe6 fxe6 11. Qxb7 Nbd7 12. Bh3 Kf7 13. Qa6 Nc5 14. Qe2 Nd3+
15. Kf1 h5 16. f3 g5 17. fxe4 dxe4 18. Bg2 Rf8 19. Kg1 Kg8 20. Nxe4 Rc8 21. Qd1
Ng4 22. h3 Ngf2 23. Nxf2 Nxf2 24. Qxh5 Nxh1 25. Be4 Rf7 26. Qh7+ Kf8 27. Qh5
Nxg3 28. Qg4 Rf1+ 29. Kg2 Rcxc1 30. Rxc1 Rxc1 31. Qf3+ Nf5 32. d4 Qf6 33. Qe2
Nh4+ 34. Kh2 Qe5+ 35. dxe5 Bxe5# 0-1

[Event "Rodovremesterskabet Gruppe C 2009"]
[Site "Rodovre"]
[Date "2009.09.01"]
[Round "1"]
[White "Christensen, Bent2"]
[Black "Jorgensen, Henry Lund"]
[Result "1/2-1/2"]
[WhiteElo "1200"]
[BlackElo "1278"]
[PlyCount "101"]
[EventDate "2009.??.??"]

1. e4 c6 2. d4 d5 3. e5 Bf5 4. Bd3 Bxd3 5. Qxd3 e6 6. Nf3 Qb6 7. O-O c5 8. b3
cxd4 9. Nxd4 Bc5 10. Be3 Ne7 11. Nc3 O-O 12. Na4 Qc7 13. Nf3 Bxe3 14. fxe3 Nd7
15. Qd4 Ng6 16. Qc3 Rac8 17. Qxc7 Rxc7 18. Rac1 Ndxe5 19. Nd4 Ng4 20. Rfe1 Rfc8
21. e4 e5 22. Nb5 Rxc2 23. Rxc2 Rxc2 24. exd5 Rd2 25. Nbc3 Nf6 26. Nb5 a6 27.
Nc7 Nxd5 28. Nxd5 Rxd5 29. Nc3 Rd2 30. g3 b5 31. b4 f5 32. a4 bxa4 33. Nxa4 Rd4
34. Nc5 Rxb4 35. Nxa6 Rd4 36. Nc5 Kf7 37. Rb1 Ne7 38. Rb7 g5 39. Nd7 e4 40.
Ne5+ Kf6 41. Nd7+ Ke6 42. Nf8+ Kd6 43. Nxh7 f4 44. Nxg5 fxg3 45. hxg3 e3 46.
Nf3 Nf5 47. Nxd4 Nxd4 48. Kf1 Ke5 49. Rf7 Ke4 50. Rf4+ Kd3 51. Rf2 1/2-1/2

[Event "Rodovremesterskabet Gruppe C 2009"]
[Site "Rodovre"]
[Date "2009.09.17"]
[Round "1"]
[White "Opstrup, Niels"]
[Black "Breinholt, Bendt"]
[Result "1-0"]
[WhiteElo "1083"]
[BlackElo "1000"]
[PlyCount "89"]
[EventDate "2009.??.??"]

1. d4 d5 2. Nf3 Bf5 3. e3 e6 4. c4 Nf6 5. Nbd2 Bd6 6. Qb3 b6 7. cxd5 exd5 8.
Bb5+ Bd7 9. Bd3 O-O 10. O-O Nc6 11. a3 Na5 12. Qc2 h6 13. b4 Nb7 14. Bb2 Rc8
15. e4 c5 16. dxc5 bxc5 17. bxc5 Rxc5 18. Qd1 Qc7 19. Bxf6 gxf6 20. Nh4 Bxh2+
21. Kh1 d4 22. Ndf3 Bg4 23. g3 Bxg3 24. fxg3 Qxg3 25. Qd2 Rh5 26. Qg2 Rxh4+ 27.
Nxh4 Qxh4+ 28. Qh2 Qg5 29. Rf2 Kh8 30. Raf1 Kh7 31. Rxf6 Bh5 32. e5+ Bg6 33.
Bxg6+ Kg7 34. Bxf7 Rh8 35. Ba2 Nd8 36. Rd6 Rf8 37. Rg1 Kh7 38. Rxg5 Rf1+ 39.
Kg2 Ra1 40. Rd7+ Kh8 41. Rxd8+ Kh7 42. Kh3 hxg5 43. Kg4+ Kg7 44. Qh8+ Kg6 45.
Rd6# 1-0

[Event "Rodovremesterskabet Gruppe C 2009"]
[Site "Rodovre"]
[Date "2009.09.08"]
[Round "2"]
[White "Gemzoe, Bjorn"]
[Black "Opstrup, Niels"]
[Result "1-0"]
[WhiteElo "1197"]
[BlackElo "1083"]
[PlyCount "71"]
[EventDate "2009.??.??"]

1. e4 d5 2. exd5 Nf6 3. c4 c6 4. Qb3 g6 5. d3 Bg7 6. Nf3 cxd5 7. cxd5 O-O 8.
Nc3 Nbd7 9. d4 Nb6 10. Bc4 Qc7 11. Ne5 Nxc4 12. Nxc4 Ne8 13. Be3 Nd6 14. Nxd6
exd6 15. Rc1 Qd7 16. O-O b6 17. Nb5 Qg4 18. f3 Qf5 19. Rc7 Ba6 20. Nxd6 Qf6 21.
Ne4 Qd8 22. Rfc1 Bc8 23. d6 Bf5 24. Ng3 Be6 25. d5 Bc8 26. Bf4 Qf6 27. Qe3 Rd8
28. Kh1 Bf8 29. Be5 Qh4 30. Ne4 Bh6 31. f4 f5 32. g3 Qh3 33. Nf6+ Kf8 34. Nxh7+
Kg8 35. Bf6 Ba6 36. Qe6# 1-0

[Event "Rodovremesterskabet Gruppe C 2009"]
[Site "Rodovre"]
[Date "2009.09.08"]
[Round "2"]
[White "Balken, Peer"]
[Black "Hviid, Jens Carl"]
[Result "1/2-1/2"]
[WhiteElo "1194"]
[BlackElo "1227"]
[PlyCount "144"]
[EventDate "2009.??.??"]

1. d4 Nf6 2. c4 d6 3. Nc3 g6 4. e4 Nbd7 5. Bg5 h6 6. Bxf6 Nxf6 7. f4 Bg4 8. Be2
Bxe2 9. Qxe2 c6 10. e5 dxe5 11. dxe5 Nh5 12. g3 e6 13. Rd1 Qc7 14. Ne4 Bb4+ 15.
Kf1 Rd8 16. a3 Be7 17. Nf3 O-O 18. Kg2 Ng7 19. g4 Qb6 20. b4 f5 21. c5 Qc7 22.
Nf6+ Bxf6 23. exf6 Rxf6 24. Rxd8+ Qxd8 25. g5 Nh5 26. Qe5 hxg5 27. fxg5 Rf7 28.
Nd4 Qd5+ 29. Qxd5 exd5 30. Re1 Ng7 31. Kf3 Kf8 32. Ne6+ Nxe6 33. Rxe6 Kg7 34.
Ke3 Rc7 35. Kd4 f4 36. Kd3 Rf7 37. Ke2 Rf5 38. Re7+ Rf7 39. Rxf7+ Kxf7 40. Kf3
d4 41. Kxf4 Ke6 42. Ke4 b5 43. Kxd4 Kf5 44. h4 Kg4 45. Ke5 Kxh4 46. Kf4 a6 47.
Ke5 Kxg5 48. Kd6 Kf4 49. Kxc6 g5 50. Kb6 g4 51. c6 g3 52. c7 g2 53. c8=Q g1=Q+
54. Kxa6 Qa1 55. Qc7+ Ke4 56. Qc6+ Kf4 57. Qc7+ Ke4 58. Qa5 Qf6+ 59. Kxb5 Qe5+
60. Ka4 Qe8+ 61. b5 Kd5 62. Qc3 Qe4+ 63. Ka5 Qe8 64. Qf3+ Kc5 65. Qf5+ Kc4 66.
Qc2+ Kd5 67. a4 Qa8+ 68. Kb4 Qf8+ 69. Kb3 Qf3+ 70. Qc3 Qd1+ 71. Ka3 Qf1 72. a5
Qxb5 1/2-1/2

[Event "Rodovremesterskabet Gruppe C 2009"]
[Site "Rodovre"]
[Date "2009.09.08"]
[Round "2"]
[White "Wadtland, Flemming"]
[Black "Jorgensen, Henry Lund"]
[Result "0-1"]
[WhiteElo "1145"]
[BlackElo "1278"]
[PlyCount "72"]
[EventDate "2009.??.??"]

1. Nf3 d5 2. c4 e6 3. g3 Nf6 4. Bg2 Be7 5. d4 dxc4 6. Qa4+ Nc6 7. Ne5 O-O 8.
Nxc6 bxc6 9. Qxc4 Bb7 10. Bxc6 Bxc6 11. Qxc6 Qxd4 12. O-O Bd6 13. Nc3 a6 14.
Be3 Qb4 15. Na4 Nd5 16. Bc1 Ne7 17. Qc2 Nf5 18. e3 Rab8 19. b3 Rfd8 20. Bb2 Qb5
21. Rad1 Rd7 22. Rd3 Rbd8 23. Rfd1 Ne7 24. a3 h5 25. Qd2 h4 26. f4 h3 27. Be5
Qc6 28. Qe2 Bxe5 29. Rxd7 Rxd7 30. Rxd7 Qxd7 31. fxe5 Qc6 32. Qf1 Ng6 33. Qxh3
Qc1+ 34. Kf2 Nxe5 35. Qf1 Ng4+ 36. Kg1 Qxe3+ 0-1

[Event "Rodovremesterskabet Gruppe C 2009"]
[Site "Rodovre"]
[Date "2009.09.08"]
[Round "2"]
[White "Breinholt, Bendt"]
[Black "Christensen, Bent2"]
[Result "0-1"]
[WhiteElo "1000"]
[BlackElo "1200"]
[PlyCount "54"]
[EventDate "2009.??.??"]

1. e4 e5 2. Bc4 Nc6 3. c3 Na5 4. d3 h6 5. Nf3 d6 6. O-O g5 7. Qa4+ c6 8. Be3 b5
9. Qa3 bxc4 10. dxc4 d5 11. Rd1 Bxa3 12. Nxa3 Nf6 13. Nxe5 Qc7 14. f4 Nxc4 15.
Naxc4 dxc4 16. Rd4 Ng4 17. Nxg4 Bxg4 18. e5 Rd8 19. Rxc4 Be6 20. Ra4 a5 21. Rf1
gxf4 22. Bd4 c5 23. Bf2 Rg8 24. Bh4 Rd2 25. h3 Rgxg2+ 26. Kh1 Rh2+ 27. Kg1
Rdg2# 0-1

[Event "Rodovremesterskabet Gruppe C 2009"]
[Site "Rodovre"]
[Date "2009.09.15"]
[Round "3"]
[White "Hviid, Jens Carl"]
[Black "Wadtland, Flemming"]
[Result "1-0"]
[WhiteElo "1227"]
[BlackElo "1145"]
[PlyCount "45"]
[EventDate "2009.??.??"]

1. c4 c5 2. Nc3 g6 3. e3 Nc6 4. g3 Bg7 5. Bg2 f5 6. Nge2 a6 7. O-O Ne5 8. d3 e6
9. f4 Ng4 10. e4 h5 11. exf5 gxf5 12. Na4 Ra7 13. h3 Qe7 14. hxg4 hxg4 15. Be3
d6 16. d4 Bf6 17. dxc5 Qh7 18. Nb6 Qh2+ 19. Kf2 Bh4 20. Rh1 Bxg3+ 21. Nxg3 Nf6
22. Rxh2 Rxh2 23. Nxc8 1-0

[Event "Rodovremesterskabet Gruppe C 2009"]
[Site "Rodovre"]
[Date "2009.09.15"]
[Round "3"]
[White "Christensen, Bent2"]
[Black "Gemzoe, Bjorn"]
[Result "1-0"]
[WhiteElo "1200"]
[BlackElo "1197"]
[PlyCount "69"]
[EventDate "2009.??.??"]

1. e4 g6 2. Bc4 Bg7 3. d4 d6 4. Nf3 Nd7 5. Ng5 e6 6. Bxe6 fxe6 7. Nxe6 Qf6 8.
Nxc7+ Kf7 9. Nxa8 Qd8 10. Bf4 Bf8 11. Qf3 Kg7 12. Qc3 Ngf6 13. Nd2 Be7 14. Nc7
Nb6 15. b3 Rf8 16. d5 Kg8 17. Bh6 Rf7 18. Be3 Ng4 19. Ne6 Bxe6 20. dxe6 Rf8 21.
O-O-O Qe8 22. Nc4 Bf6 23. Bd4 Qxe6 24. f3 Nf2 25. Bxf6 Rxf6 26. Rxd6 Qe7 27.
Rxf6 Nxc4 28. bxc4 Nxh1 29. c5 Nf2 30. Rd6 Qg5+ 31. Kb2 Qe7 32. Qd4 Nd1+ 33.
Qxd1 Qe5+ 34. Qd4 Qxd4+ 35. Rxd4 1-0

[Event "Rodovremesterskabet Gruppe C 2009"]
[Site "Rodovre"]
[Date "2009.09.15"]
[Round "3"]
[White "Opstrup, Niels"]
[Black "Balken, Peer"]
[Result "1/2-1/2"]
[WhiteElo "1083"]
[BlackElo "1194"]
[PlyCount "76"]
[EventDate "2009.??.??"]

1. d4 d5 2. Nf3 e6 3. e3 c5 4. c4 Nc6 5. Nc3 cxd4 6. exd4 Bb4 7. a3 Bxc3+ 8.
bxc3 Nge7 9. Qc2 f6 10. Be2 O-O 11. O-O Ng6 12. Be3 e5 13. cxd5 exd4 14. Nxd4
Nxd4 15. Bxd4 Qxd5 16. Bd3 f5 17. f4 b6 18. Qf2 Bb7 19. Qg3 Rae8 20. Rf2 Re7
21. h4 Rfe8 22. Rf3 Qb3 23. Rf2 Re1+ 24. Rxe1 Rxe1+ 25. Rf1 Rxf1+ 26. Bxf1 Qf7
27. h5 Ne7 28. Qg5 h6 29. Qh4 Bd5 30. g4 fxg4 31. Qxg4 Be6 32. Qg3 Nf5 33. Qd3
Nxd4 34. Qxd4 Bg4 35. Bc4 Be6 36. Qd8+ Kh7 37. Bd3+ Bf5 38. Be2 Qd7 1/2-1/2

[Event "Rodovremesterskabet Gruppe C 2009"]
[Site "Rodovre"]
[Date "2009.09.15"]
[Round "3"]
[White "Jorgensen, Henry Lund"]
[Black "Breinholt, Bendt"]
[Result "1-0"]
[WhiteElo "1278"]
[BlackElo "1000"]
[PlyCount "95"]
[EventDate "2009.??.??"]

1. d4 d5 2. c4 Nf6 3. Nc3 Bf5 4. Nf3 e6 5. Qa4+ c6 6. Bg5 Be7 7. Bxf6 Bxf6 8.
e3 Nd7 9. Be2 O-O 10. O-O Nb6 11. Qb3 h6 12. c5 Nd7 13. Qd1 b6 14. b4 Rb8 15.
Bd3 a5 16. a3 g6 17. Rc1 b5 18. e4 dxe4 19. Bxe4 Qc7 20. Qd2 Bg7 21. Rfe1 Kh7
22. Rcd1 Rfe8 23. Bxf5 exf5 24. d5 Bxc3 25. Qxc3 cxd5 26. Rxd5 Re6 27. Red1 Nf6
28. R5d4 Ne4 29. Qd3 Qc6 30. Rd7 Nf6 31. Rd6 Qe4 32. Qxe4 fxe4 33. Rxe6 fxe6
34. Ne5 h5 35. c6 axb4 36. Nd7 Rg8 37. Nxf6+ Kg7 38. Nxg8 Kxg8 39. axb4 Kf7 40.
c7 Kf6 41. c8=Q Kf5 42. Qf8+ Ke5 43. Qg7+ Kf5 44. h4 Kf4 45. Qxg6 e3 46. Qg3+
Ke4 47. f3+ Kf5 48. Qg5# 1-0

[Event "Rodovremesterskabet Gruppe C 2009"]
[Site "Rodovre"]
[Date "2009.09.22"]
[Round "4"]
[White "Wadtland, Flemming"]
[Black "Breinholt, Bendt"]
[Result "1-0"]
[WhiteElo "1145"]
[BlackElo "1000"]
[PlyCount "85"]
[EventDate "2009.??.??"]

1. f4 d5 2. Nf3 g6 3. e3 Bh6 4. b3 Nf6 5. Bb2 O-O 6. h3 Ne4 7. g4 Bg7 8. c3 h6
9. d3 Nd6 10. Qc2 c6 11. Nbd2 Be6 12. O-O-O Qb6 13. Re1 Nd7 14. Re2 f5 15. Nd4
Bxd4 16. exd4 Rf6 17. g5 hxg5 18. fxg5 Rf7 19. Rxe6 Rh7 20. Rxg6+ Kh8 21. Nf3
Nf8 22. Rh6 Nf7 23. Rxh7+ Kxh7 24. Qg2 Qc7 25. Qh2 f4 26. Kb1 Ng6 27. h4 Nf8
28. h5 Kh8 29. Bc1 Ne6 30. g6 Nh6 31. Ne5 c5 32. Bh3 Qb6 33. Bxe6 Qxe6 34. Bxf4
Kg7 35. Bxh6+ Kxh6 36. Qf4+ Kg7 37. h6+ Kg8 38. h7+ Kg7 39. Qh6+ Kf6 40. Rf1+
Qf5 41. Rxf5+ Kxf5 42. h8=Q Rxh8 43. Qxh8 1-0

[Event "Rodovremesterskabet Gruppe C 2009"]
[Site "Rodovre"]
[Date "2009.10.01"]
[Round "4"]
[White "Gemzoe, Bjorn"]
[Black "Jorgensen, Henry Lund"]
[Result "1/2-1/2"]
[WhiteElo "1197"]
[BlackElo "1278"]
[PlyCount "99"]
[EventDate "2009.??.??"]

1. f4 Nf6 2. Nf3 Nc6 3. b3 d6 4. Bb2 Bf5 5. d3 d5 6. Nbd2 e6 7. Nh4 Bg4 8. Nhf3
Bc5 9. d4 Bd6 10. e3 Ne4 11. Be2 Bb4 12. O-O Nxd2 13. Nxd2 Bf5 14. c3 Bd6 15.
a4 O-O 16. b4 a6 17. Rc1 Ne7 18. Qb3 c6 19. c4 dxc4 20. Nxc4 b5 21. axb5 cxb5
22. Na5 Be4 23. Bf3 Bxf3 24. Rxf3 Rc8 25. Rd1 Rc7 26. e4 Nc6 27. Nxc6 Rxc6 28.
e5 Bb8 29. d5 exd5 30. Rxd5 Qc7 31. Rfd3 Ba7+ 32. Bd4 Rc4 33. Bxa7 Qxa7+ 34.
Kf1 Rxf4+ 35. Rf3 Rxf3+ 36. gxf3 Rc8 37. Qd1 Qe7 38. Qd2 h6 39. Qe3 Qe6 40. Qd2
Rc1+ 41. Qxc1 Qxd5 42. Qf4 Qd1+ 43. Kg2 Qe2+ 44. Kh3 Qc4 45. Kg3 Kf8 46. Qd2
Ke7 47. Qd6+ Ke8 48. h4 Qc3 49. Qb8+ Kd7 50. Qd6+ 1/2-1/2

[Event "Rodovremesterskabet Gruppe C 2009"]
[Site "Rodovre"]
[Date "2009.10.13"]
[Round "4"]
[White "Balken, Peer"]
[Black "Christensen, Bent2"]
[Result "1-0"]
[WhiteElo "1194"]
[BlackElo "1200"]
[PlyCount "111"]
[EventDate "2009.??.??"]

1. d4 e6 2. e4 d5 3. e5 a6 4. c4 dxc4 5. Bxc4 b5 6. Bb3 Bb7 7. f3 Ne7 8. Bg5 h6
9. Bh4 g5 10. Bf2 Ng6 11. Ne2 Bb4+ 12. Nbc3 Bxc3+ 13. bxc3 Nf4 14. Nxf4 gxf4
15. g4 fxg3 16. Bxg3 Qg5 17. f4 Qe7 18. Rf1 Nd7 19. Qd3 O-O-O 20. O-O-O Nc5 21.
Qe3 Ne4 22. Kb2 Bd5 23. f5 exf5 24. Rxf5 Qe6 25. Qf4 Qc6 26. Rd3 Bxb3 27. axb3
Nc5 28. Re3 Ne6 29. Rf6 Qd5 30. Qe4 Qxe4 31. Rxe4 Rh7 32. Re2 b4 33. Rd2 bxc3+
34. Kxc3 Nc5 35. Kc4 Ne6 36. d5 Kb7 37. Rd3 Ng5 38. Re3 Rd7 39. h4 Nh3 40. Be1
Ng1 41. Bf2 Rg7 42. Rxh6 Rg4+ 43. Kc5 Rg2 44. Rf6 Re7 45. h5 Rg5 46. h6 Nh3 47.
Rxh3 Rexe5 48. Rxf7 Rxd5+ 49. Kc4 Rb5 50. h7 Rg4+ 51. Bd4 Rg2 52. Rf2 Rg4 53.
h8=Q c5 54. Rf7+ Kb6 55. Qd8+ Kc6 56. Qc7# 1-0

[Event "Rodovremesterskabet Gruppe C 2009"]
[Site "Rodovre"]
[Date "2009.10.13"]
[Round "4"]
[White "Hviid, Jens Carl"]
[Black "Opstrup, Niels"]
[Result "1-0"]
[WhiteElo "1227"]
[BlackElo "1083"]
[PlyCount "116"]
[EventDate "2009.??.??"]

1. c4 e5 2. Nc3 d6 3. g3 f5 4. e3 Nf6 5. Bg2 g6 6. b3 Bg7 7. Bb2 O-O 8. Nge2 c6
9. O-O Qe7 10. d4 Nbd7 11. d5 c5 12. a3 Ne8 13. b4 b6 14. bxc5 Nxc5 15. Na4 Ne4
16. Nac3 N8f6 17. f3 Nc5 18. f4 e4 19. Nd4 Bd7 20. a4 a6 21. Ba3 Rfc8 22. Bxc5
Rxc5 23. Qb3 Rb8 24. Nce2 Qd8 25. Ra2 Ng4 26. h3 Nf6 27. Rc1 Nh5 28. Kf2 g5 29.
Ne6 Bxe6 30. dxe6 gxf4 31. exf4 Bf6 32. Rd1 Rb7 33. Rd5 Qe7 34. Rad2 Rxd5 35.
cxd5 Qg7 36. Qd1 Be7 37. Qb3 Bd8 38. Nd4 Bf6 39. Nxf5 Qf8 40. Bxe4 Qd8 41. Nh6+
Kg7 42. Nf5+ Kh8 43. Bf3 Ng7 44. Nxg7 Rxg7 45. f5 Be5 46. g4 Qh4+ 47. Ke2 Qxh3
48. Qxb6 Qh2+ 49. Kd3 Qf4 50. e7 Rxe7 51. Qd8+ Kg7 52. Qxe7+ Kg8 53. Be4 Qg3+
54. Kc2 Qc3+ 55. Kd1 Qb3+ 56. Ke2 Bf4 57. Bd3 Qc3 58. Rc2 Qe5+ 1-0

[Event "Rodovremesterskabet Gruppe C 2009"]
[Site "Rodovre"]
[Date "2009.09.29"]
[Round "5"]
[White "Breinholt, Bendt"]
[Black "Gemzoe, Bjorn"]
[Result "0-1"]
[WhiteElo "1000"]
[BlackElo "1197"]
[PlyCount "40"]
[EventDate "2009.??.??"]

1. e4 e5 2. Nc3 Bc5 3. Bc4 Qf6 4. Nf3 c6 5. O-O h6 6. a3 a6 7. b4 Ba7 8. Bb2 d6
9. h3 g5 10. Ne2 Ne7 11. d4 Ng6 12. d5 c5 13. bxc5 Bxc5 14. a4 h5 15. Bc1 Nf4
16. Ng3 g4 17. hxg4 Bxg4 18. Kh2 h4 19. Bxf4 Qxf4 20. Rh1 Bxf2 0-1

[Event "Rodovremesterskabet Gruppe C 2009"]
[Site "Rodovre"]
[Date "2009.09.29"]
[Round "5"]
[White "Jorgensen, Henry Lund"]
[Black "Balken, Peer"]
[Result "1-0"]
[WhiteElo "1278"]
[BlackElo "1194"]
[PlyCount "57"]
[EventDate "2009.??.??"]

1. e4 e5 2. Nf3 d6 3. d4 exd4 4. Nxd4 g6 5. Bc4 Bg7 6. O-O Ne7 7. c3 O-O 8. Bg5
Qd7 9. Nd2 c6 10. N2f3 d5 11. exd5 Nxd5 12. Re1 f6 13. Bh4 Kh8 14. Ne6 Re8 15.
Nxg7 Rxe1+ 16. Qxe1 Kxg7 17. Rd1 Qf7 18. Nd4 Nd7 19. Ne6+ Kh8 20. Nc7 Rb8 21.
Nxd5 cxd5 22. Bxd5 Qf8 23. Bb3 Ne5 24. f4 Qc5+ 25. Bf2 Nf3+ 26. gxf3 Qh5 27.
Qe8+ Kg7 28. Qf7+ Kh6 29. Qf8# 1-0

[Event "Rodovremesterskabet Gruppe C 2009"]
[Site "Rodovre"]
[Date "2009.09.29"]
[Round "5"]
[White "Opstrup, Niels"]
[Black "Wadtland, Flemming"]
[Result "1-0"]
[WhiteElo "1083"]
[BlackElo "1145"]
[PlyCount "89"]
[EventDate "2009.??.??"]

1. d4 Nf6 2. c4 Nc6 3. Nc3 d6 4. e4 Bd7 5. Be2 Qc8 6. h3 h6 7. Bf4 e5 8. Be3
exd4 9. Bxd4 Be7 10. Nf3 O-O 11. O-O Nh5 12. Be3 g5 13. Nh2 Nf4 14. Bxf4 gxf4
15. Bg4 f5 16. exf5 Bxf5 17. Qd5+ Rf7 18. Bh5 Qe6 19. Bxf7+ Kxf7 20. Rfe1 Ne5
21. Ng4 Qxd5 22. Nxd5 Bh4 23. Nxh6+ Ke6 24. Nxc7+ Kd7 25. Nxa8 Bxh3 26. Re4 Be6
27. f3 Bxc4 28. Ng4 Nxg4 29. fxg4 Bd5 30. Rxf4 Be7 31. Rc1 Bxa2 32. Rc7+ Kd8
33. Ra4 Bd5 34. Rxa7 Bc6 35. b4 d5 36. b5 Bc5+ 37. Kh2 Bxa7 38. bxc6 Bb8 39.
cxb7 Bxc7+ 40. Nxc7 Kxc7 41. b8=Q+ Kxb8 42. g5 d4 43. g6 d3 44. g7 Ka7 45. g8=Q
1-0

[Event "Rodovremesterskabet Gruppe C 2009"]
[Site "Rodovre"]
[Date "2009.10.01"]
[Round "5"]
[White "Christensen, Bent2"]
[Black "Hviid, Jens Carl"]
[Result "1-0"]
[WhiteElo "1200"]
[BlackElo "1227"]
[PlyCount "97"]
[EventDate "2009.??.??"]

1. e4 g6 2. Bc4 Bg7 3. d4 d6 4. h3 Nf6 5. Qd3 Nc6 6. c3 b6 7. Nf3 Na5 8. Ng5
Nxc4 9. Qxc4 d5 10. exd5 h6 11. Nxf7 Kxf7 12. d6+ Be6 13. Qxc7 Qxd6 14. Qxd6
exd6 15. O-O Rae8 16. Bf4 d5 17. Nd2 g5 18. Bh2 Bd7 19. Nf3 g4 20. Ne5+ Ke6 21.
Rfe1 Ne4 22. Nxg4 Kf7 23. f3 Ng5 24. Ne3 Bxh3 25. f4 Bxg2 26. Kxg2 Ne4 27. Nxd5
Rhg8 28. Kf3 Nd2+ 29. Kf2 Nc4 30. Rxe8 Rxe8 31. b3 Nd6 32. Kf3 Ne4 33. f5 Ng5+
34. Kf2 Rd8 35. Nf4 Ne4+ 36. Kf3 Nxc3 37. Ne6 Rd5 38. Nxg7 Kxg7 39. Be5+ Kf7
40. Rh1 Nxa2 41. Rxh6 Ra5 42. Rh7+ Kf8 43. f6 Nc1 44. f7 Rxe5 45. dxe5 Nxb3 46.
Ke4 Nc5+ 47. Kd5 a5 48. e6 a4 49. Rh8+ 1-0

[Event "Rodovremesterskabet Gruppe C 2009"]
[Site "Rodovre"]
[Date "2009.10.06"]
[Round "6"]
[White "Wadtland, Flemming"]
[Black "Gemzoe, Bjorn"]
[Result "0-1"]
[WhiteElo "1145"]
[BlackElo "1197"]
[PlyCount "54"]
[EventDate "2009.??.??"]

1. Nf3 g6 2. g3 Bg7 3. c4 e5 4. Nc3 Nc6 5. Bg2 Nf6 6. d3 O-O 7. O-O d6 8. Rb1
Be6 9. e4 Qd7 10. b4 Bg4 11. Ne2 Bh3 12. Kh1 Bxg2+ 13. Kxg2 h6 14. Rh1 Nh5 15.
b5 Ne7 16. d4 exd4 17. Nfxd4 c5 18. Nc2 b6 19. Qd3 f5 20. f3 fxe4 21. fxe4 Qe6
22. Nf4 Nxf4+ 23. Bxf4 g5 24. Bd2 Ng6 25. Qd5 Rae8 26. Rhf1 Qxd5 27. exd5 Re2+
0-1

[Event "Rodovremesterskabet Gruppe C 2009"]
[Site "Rodovre"]
[Date "2009.10.06"]
[Round "6"]
[White "Balken, Peer"]
[Black "Breinholt, Bendt"]
[Result "1-0"]
[WhiteElo "1194"]
[BlackElo "1000"]
[PlyCount "55"]
[EventDate "2009.??.??"]

1. d4 Nf6 2. c4 d6 3. d5 c6 4. Nc3 g6 5. e4 Bg7 6. f4 O-O 7. Bd3 a6 8. h3 b5 9.
b3 b4 10. e5 Nfd7 11. dxc6 Nxc6 12. Be4 Bb7 13. Nd5 e6 14. Nxb4 Qa5 15. Qxd6
Rfd8 16. Bxc6 Bxc6 17. Bd2 Nc5 18. Nxc6 Ne4 19. Bxa5 Nxd6 20. Bxd8 Rc8 21. exd6
Bxa1 22. Ne7+ Kf8 23. Nxc8 Bc3+ 24. Ke2 Ke8 25. Bc7 Kd7 26. Nb6+ Kc6 27. Na4 f5
28. Nxc3 1-0

[Event "Rodovremesterskabet Gruppe C 2009"]
[Site "Rodovre"]
[Date "2009.10.06"]
[Round "6"]
[White "Hviid, Jens Carl"]
[Black "Jorgensen, Henry Lund"]
[Result "0-1"]
[WhiteElo "1227"]
[BlackElo "1278"]
[PlyCount "64"]
[EventDate "2009.??.??"]

1. c4 c5 2. Nc3 Nf6 3. g3 e6 4. Bg2 d5 5. cxd5 exd5 6. e3 Nc6 7. d4 cxd4 8.
exd4 Be6 9. Nge2 Bg4 10. Bf4 Bd6 11. Bxd6 Qxd6 12. h3 Bf5 13. Qb3 Nb4 14. O-O
O-O 15. Rac1 Rfe8 16. Nb5 Qe7 17. Nf4 Rac8 18. Rxc8 Rxc8 19. Nxa7 Ra8 20. a3
Nc2 21. g4 Qd7 22. Qb6 Be4 23. Bxe4 dxe4 24. Qc5 Nxd4 25. Nb5 Nxb5 26. Rc1 Nd4
27. Rc3 Nc6 28. Re3 Re8 29. g5 Re5 30. Qxe5 Nxe5 31. gxf6 Qf5 32. Nd5 Nf3+ 0-1

[Event "Rodovremesterskabet Gruppe C 2009"]
[Site "Rodovre"]
[Date "2009.10.13"]
[Round "6"]
[White "Opstrup, Niels"]
[Black "Christensen, Bent2"]
[Result "1-0"]
[WhiteElo "1083"]
[BlackElo "1200"]
[PlyCount "69"]
[EventDate "2009.??.??"]

1. d4 e6 2. c4 d5 3. Nf3 Nc6 4. e3 Nf6 5. Nc3 Bb4 6. Bd2 Bxc3 7. bxc3 O-O 8.
Qc2 Re8 9. cxd5 exd5 10. Be2 g6 11. O-O Bf5 12. Bd3 Be4 13. Bxe4 dxe4 14. Ne1
Na5 15. c4 Nc6 16. h3 Ne7 17. f3 exf3 18. Rxf3 Nf5 19. Qd3 Nh4 20. Rf2 Ne4 21.
Rf4 f5 22. Nf3 Nxg2 23. Kxg2 Qf6 24. Rg1 g5 25. Kh2 Kf7 26. Ne5+ Kg8 27. Rff1
Rad8 28. Qe2 Re7 29. Bb4 Rg7 30. Qf3 f4 31. Qxe4 b6 32. Be1 Qh6 33. exf4 Qh5
34. Ng4 Re8 35. Nf6+ 1-0

[Event "Rodovremesterskabet Gruppe C 2009"]
[Site "Rodovre"]
[Date "2009.10.08"]
[Round "7"]
[White "Breinholt, Bendt"]
[Black "Hviid, Jens Carl"]
[Result "0-1"]
[WhiteElo "1000"]
[BlackElo "1227"]
[PlyCount "60"]
[EventDate "2009.??.??"]

1. e4 g6 2. Bc4 e6 3. d4 Nc6 4. Nf3 Bg7 5. Qd3 Na5 6. O-O Nxc4 7. Qxc4 Ne7 8.
h3 c6 9. a4 O-O 10. Nc3 d5 11. Qd3 dxe4 12. Qxe4 Nd5 13. Rb1 f5 14. Qd3 g5 15.
b3 b6 16. Ba3 Rf7 17. Rfe1 Ba6 18. Qd2 Qd7 19. Re2 Bxe2 20. Qxe2 Nxc3 21. Qe1
Nxb1 22. Qxb1 Bxd4 23. Nxd4 Qxd4 24. Qe1 e5 25. c3 Qd5 26. c4 Qd4 27. Qc1 Rd8
28. Bb2 Qd1+ 29. Kh2 Qxc1 30. Bxc1 Rd1 0-1

[Event "Rodovremesterskabet Gruppe C 2009"]
[Site "Rodovre"]
[Date "2009.10.20"]
[Round "7"]
[White "Jorgensen, Henry Lund"]
[Black "Opstrup, Niels"]
[Result "1-0"]
[WhiteElo "1278"]
[BlackElo "1083"]
[PlyCount "49"]
[EventDate "2009.??.??"]

1. e4 d5 2. exd5 Nf6 3. c4 c6 4. dxc6 Nxc6 5. Nc3 e5 6. d3 Bb4 7. a3 Bxc3+ 8.
bxc3 e4 9. d4 O-O 10. Bg5 Re8 11. Be2 Bf5 12. Bg4 Bg6 13. Ne2 Qa5 14. Bxf6 gxf6
15. O-O f5 16. Bh3 Qa6 17. c5 Rac8 18. Ng3 Nd8 19. Nxf5 Bxf5 20. Bxf5 Qf6 21.
Bxc8 Qg5 22. Qg4 h6 23. Qxg5+ hxg5 24. Rfe1 Kg7 25. Bf5 1-0

[Event "Rodovremesterskabet Gruppe C 2009"]
[Site "Rodovre"]
[Date "2009.10.20"]
[Round "7"]
[White "Gemzoe, Bjorn"]
[Black "Balken, Peer"]
[Result "0-1"]
[WhiteElo "1197"]
[BlackElo "1194"]
[PlyCount "80"]
[EventDate "2009.??.??"]

1. e4 e5 2. d4 exd4 3. Qxd4 d6 4. Nc3 Nf6 5. Bg5 Be7 6. O-O-O c5 7. Qa4+ Nc6 8.
e5 Bd7 9. exf6 gxf6 10. Bh6 Nd4 11. Qa3 b5 12. Nd5 Bf8 13. Re1+ Ne6 14. Bxf8
Kxf8 15. g3 a5 16. Bg2 b4 17. Qe3 h6 18. f4 f5 19. Ne2 Bc6 20. Rhg1 h5 21. c3
Bb5 22. b3 Ra7 23. c4 Bd7 24. Kb2 a4 25. Nc1 Bc6 26. Qd3 Nd4 27. Re3 Rh6 28.
Bh3 Qd7 29. Rge1 Re6 30. Rxe6 fxe6 31. Nf6 Qf7 32. Nxh5 Qxh5 33. Qf1 a3+ 34.
Kb1 Be4+ 35. Rxe4 fxe4 36. g4 Qh8 37. Qg2 d5 38. g5 Rf7 39. Qg3 Ne2 40. Nd3
Nxg3 0-1